000 00547nam#a22002175a#4500
001 2611
245 1 0 _aVagabundos :
_by otros relatos /
_cEduardo Galeano.
250 _a1ยช edic.
260 _aBuenos Aires :
_bSiglo Veintiuno Editores,
_c2015.
300 _a160 p. ;
_c21 cm.
020 _a9789876295628
100 1 _aGaleano, Eduardo.
080 _a82-34
084 _aG18
653 _aCuentos
040 _aAR-ClEAG
_cAR-ClEAG
008 151221s2015####ag############000#0#und#d
005 20241107184750.0
003 AR-ClEAG
942 _cBK
999 _c2611
_d2611
980 _62
_aEvangelina Gallicchio
_82
_gEvangelina Gallicchio